|
|
|
|
| LEADER |
00000nab a2200000 a 4500 |
| 001 |
vtls000537331 |
| 003 |
SK-MaSNL |
| 005 |
20260305001216.0 |
| 008 |
250425c1994 xo 0 slo |
| 015 |
|
|
|a SNBRB19rr/mm-uuuuu
|
| 035 |
|
|
|a CL0537469
|
| 035 |
|
|
|a urn:nbn:sk:snk-abdko
|
| 035 |
|
|
|a (urnnbn)urn:nbn:sk:snk:ar-a03u0q
|
| 035 |
|
|
|a (uuid)d65c35dc-95ba-44db-bf20-ad915dfe02ff
|
| 040 |
|
|
|a SNKBUCL
|b slo
|c SNKBUCL
|e AACR2
|
| 041 |
0 |
|
|a slo
|
| 044 |
|
|
|a xo
|c SK
|
| 080 |
|
|
|a 141.3:504
|2 1981
|
| 080 |
|
|
|a 504
|2 1981
|
| 100 |
1 |
|
|a Smolková, Eva,
|d 1954-
|4 aut
|9 155609
|
| 245 |
1 |
0 |
|a Náčrt genézy ekofilozofického myslenia
|c Eva Smolková
|
| 300 |
|
|
|b Lit. 23 zázn. v rôz. jaz.
|
| 650 |
0 |
7 |
|a ekofilozofia
|2 snkbucl
|9 15488
|
| 650 |
0 |
7 |
|a myslenie ekofilozofické
|2 snkbucl
|9 1576364
|
| 655 |
|
7 |
|a články z novín a časopisov
|2 snkbucl
|9 267496
|
| 773 |
0 |
|
|t Filozofia
|g Roč. 49, č. 9 (1994), s. 575-584
|x 0046-385X
|
| 850 |
|
|
|a Slovenská národná knižnica
|
| 852 |
|
|
|a Slovenská národná knižnica
|
| 954 |
|
|
|a odborná, vedecká literatúra pôvodná (slovenská)
|2 lita
|
| 958 |
|
|
|a article27
|
| 958 |
|
|
|a OND
|
| 958 |
|
|
|a RK
|
| 958 |
|
|
|a EUIPO
|
| 992 |
|
|
|a RBX
|
| 999 |
|
|
|c 3217968
|d 3219898
|